Il Nettare di Afrodite Manuale tecnico-scientifico sul Punto-G

Đã lưu trong:
Chi tiết về thư mục
Tác giả chính: Braun, Lasse
Định dạng: Sách
Ngôn ngữ:Tiếng Anh
Được phát hành: Roma Edizioni Riservate 2008
Các nhãn: Thêm thẻ
Không có thẻ, Là người đầu tiên thẻ bản ghi này!

MARC

LEADER 00000nam a2200000 4500
005 20240626193106.0
008 240626b |||||||| |||| 00| 0 eng d
040 |c GP 
100 |a Braun, Lasse 
245 |a Il Nettare di Afrodite  |b Manuale tecnico-scientifico sul Punto-G 
260 |a Roma  |b Edizioni Riservate  |c 2008 
942 |2 ddc  |c BK  |n 0 
952 |0 0  |1 0  |2 ddc  |4 0  |6 305_400000000000000_BRA  |7 1  |9 1516  |a RM  |b RM  |d 2024-06-26  |l 0  |o 305.4 BRA  |p 263  |r 2024-06-26 19:31:31  |w 2024-06-26  |y BK 
999 |c 1334  |d 1334